| 000 | 01509nam a2200433 i 4500 | ||
|---|---|---|---|
| 001 | 25366 | ||
| 003 | KOSZ 005 | ||
| 005 | 20200515132550.0 | ||
| 008 | 080604s1961 pl a f 000 0 pol | ||
| 015 | _aPB 1961/4100 | ||
| 040 |
_aWA N _cWA N _dKOSZ 005/RW _dKOSZ 005/HR |
||
| 041 | 0 |
_apol _beng _brus |
|
| 046 | _k1961 | ||
| 080 | _a624.01/.07 | ||
| 080 | _a69-049.5 | ||
| 080 | _a519.2 | ||
| 100 | 1 |
_aWierzbicki, Witold _d(1890-1965) _eAutor |
|
| 245 | 1 | 0 |
_aObiektywne metody oceny bezpieczeństwa konstrukcji budowlanych / _cWitold Wierzbicki ; Polska Akademia Nauk. Instytut Podstawowych Problemów Techniki. |
| 260 |
_aWarszawa : _bPaństwowe Wydawnictwo Naukowe, _c1961. |
||
| 300 |
_a218 s. : _bil. ; _c25 cm. |
||
| 336 |
_2rdacontent _aTekst _btxt |
||
| 337 |
_2rdamedia _aBez urządzenia pośredniczącego _bn |
||
| 338 |
_2rdacarrier _aWolumin _bnc |
||
| 380 | _aKsiążki | ||
| 380 | _aPublikacje naukowe | ||
| 388 | _a1901-2000 | ||
| 388 | _a1945-1989 | ||
| 504 | _aBibliogr. s. [175]-176. | ||
| 546 | _aStreszcz. ros., ang. | ||
| 650 | 4 | _aKonstrukcje budowlane | |
| 650 | 4 | _aBezpieczeństwo | |
| 650 | 4 | _aNaprężenia i odkształcenia | |
| 650 | 4 | _aRachunek prawdopodobieństwa | |
| 658 | _aArchitektura i budownictwo | ||
| 658 | _aMatematyka | ||
| 710 | 2 |
_aPaństwowe Wydawnictwo Naukowe _4pbl. |
|
| 856 |
_uhttp://koha.tu.koszalin.pl/cgi-bin/koha/opac-detail.pl?biblionumber=25366 _yKatalog online BPK |
||
| 942 |
_2UKD _cKS |
||
| 999 |
_c25366 _d25366 |
||